| 000 | 00426cam a2200169ua 4500 | ||
|---|---|---|---|
| 003 | OSt | ||
| 008 | 250415b |||||||| |||| 00| 0 eng d | ||
| 041 | _aeng | ||
| 082 |
_a624.15 _bJAN/CO |
||
| 100 |
_aJanardhan, Sha . _97427 |
||
| 245 | _aConstruction and foundation engineering / | ||
| 250 | _a1 / | ||
| 260 |
_aDelhi : _bKhanna publishers , _c1986. |
||
| 300 | _a993 ; . | ||
| 700 | 1 |
_aSinha, S K . _97428 |
|
| 942 | _cBK | ||
| 999 |
_c1996 _d1996 |
||